Stati dell'Unione delle nazioni sudamericane - Statistics

Statistiche generali
  • Questo quiz è stato fatto 9 volte
  • Il punteggio medio è 4 su 5
Statistiche sulle risposte
Nazione % Corretto
Perù
100%
Bolivia
88%
Venezuela
88%
Guyana
75%
Suriname
63%
Nessun quiz corrispondente trovato
Distribuzione punteggi
Percentuale di utenti per punteggio
Percentile per numero di risposta
I tuoi punteggi nel tempo
Non hai fatto questo quiz